[Event "36. Vila de Sitges"]
[Site "Sitges ESP"]
[Date "2010.07.30"]
[Round "9.2"]
[White "Movsziszian, Karen"]
[Black "Martinez Duany, Lelys Stanley"]
[Result "0-1"]
[WhiteElo "2490"]
[BlackElo "2510"]
[PlyCount "177"]
[EventDate "2010.07.22"]
[EventType "swiss"]
[EventRounds "9"]
[EventCountry "ESP"]
[Source "lmi"]
[SourceDate "2010.07.22"]

1. g3 e5 2. Bg2 Nf6 3. d3 g6 4. c4 Bg7 5. Nc3 O-O 6. e4 d6 7. Nge2 Be6 8. O-O
Qd7 9. f4 exf4 10. gxf4 Bh3 11. Ng3 Bxg2 12. Kxg2 Qg4 13. Qxg4 Nxg4 14. h3 Nf6
15. Be3 c6 16. d4 Nfd7 17. Rad1 Nb6 18. b3 N8d7 19. f5 Rfe8 20. Bf4 Bf8 21. h4
h5 22. Bg5 a6 23. Rf2 c5 24. Nge2 cxd4 25. Nxd4 Ne5 26. Rfd2 Rac8 27. Nd5 Nbd7
28. Re2 Ng4 29. fxg6 fxg6 30. Nf4 Nde5 31. Nde6 Rc6 32. Nxf8 Kxf8 33. Nd5 Kg7
34. a4 Rf8 35. Bf4 Rf7 36. Kg3 Rc8 37. Ree1 Rcf8 38. Rf1 Kh7 39. Kg2 Rxf4 40.
Nxf4 Rxf4 41. Rxf4 Ne3+ 42. Kh3 Nxd1 43. Rf6 a5 44. Rxd6 Nf2+ 45. Kg2 Nfd3 46.
Kg3 Nc5 47. Rd5 Ned7 48. e5 Kg7 49. e6 Nf6 50. Re5 b6 51. Re3 Ne8 52. Kf4 Kf6
53. e7 Ne6+ 54. Ke4 Kxe7 55. Kd5 Kd7 56. Rf3 N8c7+ 57. Ke5 Ke7 58. Rg3 Nf8 59.
Rg1 Na6 60. Rg3 Nd7+ 61. Kd4 Nf8 62. Ke5 Nb4 63. Rg1 Nd7+ 64. Kd4 Kf6 65. Rf1+
Ke6 66. Re1+ Kf5 67. Rg1 Nc5 68. Rg5+ Kf6 69. Rg3 Ne6+ 70. Ke4 Ng7 71. Rc3 Ne6
72. Rf3+ Ke7 73. Rg3 Nc5+ 74. Ke5 Ncd3+ 75. Ke4 Kf6 76. Rf3+ Ke6 77. Rf8 Nc5+
78. Kf4 Ke7 79. Rb8 Nd7 80. Rg8 Kf7 81. Rd8 Nd3+ 82. Ke4 N3c5+ 83. Kd5 Ke7 84.
Rh8 Nf8 85. Kc6 Ncd7 86. c5 Nxc5 87. Kxb6 Nxb3 88. Kb5 Kf7 89. Kc4 0-1

[Event "36. Vila de Sitges"]
[Site "Sitges ESP"]
[Date "2010.07.30"]
[Round "9.3"]
[White "Gongora Reyes, Maikel"]
[Black "Cruz, Cristhian"]
[Result "1/2-1/2"]
[WhiteElo "2451"]
[BlackElo "2536"]
[PlyCount "94"]
[EventDate "2010.07.22"]
[EventType "swiss"]
[EventRounds "9"]
[EventCountry "ESP"]
[Source "lmi"]
[SourceDate "2010.07.22"]

1. d4 Nf6 2. c4 c6 3. Nc3 d5 4. cxd5 cxd5 5. Bf4 Nc6 6. e3 a6 7. Bd3 e6 8. Rc1
Be7 9. h3 Bd7 10. Nf3 O-O 11. O-O Rc8 12. Ne5 Be8 13. Qe2 Nxe5 14. Bxe5 Bc6 15.
Rc2 Bd6 16. Bxd6 Qxd6 17. Rfc1 Rc7 18. a3 Rfc8 19. Na2 Ba4 20. Rxc7 Rxc7 21.
Qd2 Rxc1+ 22. Qxc1 Qc6 23. Qc5 Qxc5 24. dxc5 Kf8 25. b4 Ke7 26. Nc3 Be8 27. f4
Nd7 28. Kf2 Nb8 29. e4 d4 30. Ne2 e5 31. g3 f6 32. Bc4 a5 33. Nc1 axb4 34. axb4
Bc6 35. Kf3 f5 36. fxe5 Bxe4+ 37. Kf4 Nc6 38. b5 g5+ 39. Kxg5 Nxe5 40. Bg8 d3
41. Nb3 Nf3+ 42. Kf4 d2 43. Nxd2 Nxd2 44. Bxh7 Kf6 45. c6 bxc6 46. bxc6 Bxc6
47. Bxf5 Nf3 1/2-1/2

[Event "36. Vila de Sitges"]
[Site "Sitges ESP"]
[Date "2010.07.30"]
[Round "9.4"]
[White "Barsov, Alexei"]
[Black "Lammers, Markus"]
[Result "1-0"]
[WhiteElo "2505"]
[BlackElo "2386"]
[PlyCount "93"]
[EventDate "2010.07.22"]
[EventType "swiss"]
[EventRounds "9"]
[EventCountry "ESP"]
[Source "lmi"]
[SourceDate "2010.07.22"]

1. d4 d5 2. c4 dxc4 3. e3 Nf6 4. Bxc4 e6 5. Nf3 a6 6. Bd3 c5 7. O-O Nc6 8. Nc3
cxd4 9. exd4 Be7 10. Bg5 O-O 11. Rc1 Nd5 12. Be3 Nxc3 13. bxc3 b5 14. a4 bxa4
15. Qxa4 Bd7 16. Qc2 g6 17. Bf4 a5 18. Ra1 Re8 19. Nd2 a4 20. Be4 Rc8 21. Qxa4
e5 22. dxe5 Nxe5 23. Qa6 Bf6 24. Bb7 Re6 25. Bxc8 Rxa6 26. Bxa6 Bc6 27. Rfd1
Qd5 28. Bf1 h5 29. h3 Kh7 30. Be3 Qe6 31. Bd4 Qf5 32. Re1 Qg5 33. Re3 Nd7 34.
Nf3 Qf4 35. Rd1 Kg7 36. g3 Qb8 37. Bg2 Qb3 38. Rde1 Qa3 39. h4 Qd6 40. Ng5 Bxd4
41. cxd4 Bxg2 42. Kxg2 f6 43. Re7+ Kg8 44. Nh7 Nf8 45. Nxf8 Kxf8 46. Re8+ Kf7
47. R1e7+ 1-0

[Event "36. Vila de Sitges"]
[Site "Sitges ESP"]
[Date "2010.07.30"]
[Round "9.6"]
[White "Gonzalez Perez, Arian"]
[Black "Karlsson, Lars"]
[Result "0-1"]
[WhiteElo "2403"]
[BlackElo "2449"]
[PlyCount "70"]
[EventDate "2010.07.22"]
[EventType "swiss"]
[EventRounds "9"]
[EventCountry "ESP"]
[Source "lmi"]
[SourceDate "2010.07.22"]

1. e4 c5 2. Nf3 Nc6 3. Bb5 Nf6 4. Nc3 Nd4 5. e5 Nxb5 6. Nxb5 Nd5 7. O-O a6 8.
Nc3 Nxc3 9. dxc3 Qc7 10. Bf4 Qc6 11. Re1 b6 12. e6 f6 13. exd7+ Bxd7 14. Qe2 e6
15. Rad1 Be7 16. Rd2 Bc8 17. Red1 O-O 18. Bd6 Ra7 19. Bxe7 Rxe7 20. Rd6 Qc7 21.
a4 Rfe8 22. Qc4 Bb7 23. Qb3 Bc6 24. Nh4 Rd7 25. Nf5 Kf8 26. Rxd7 Bxd7 27. Nd6
Rd8 28. c4 Be8 29. Qg3 Bg6 30. Qg4 Rxd6 31. Re1 Qd7 32. h4 Bxc2 33. h5 Rd1 34.
Qe2 Rxe1+ 35. Qxe1 Qd1 0-1

[Event "36. Vila de Sitges"]
[Site "Sitges ESP"]
[Date "2010.07.30"]
[Round "9.7"]
[White "Alonso Garcia, Rene Marcial"]
[Black "Cuartas, Jaime Alexander"]
[Result "0-1"]
[WhiteElo "2396"]
[BlackElo "2529"]
[PlyCount "72"]
[EventDate "2010.07.22"]
[EventType "swiss"]
[EventRounds "9"]
[EventCountry "ESP"]
[Source "lmi"]
[SourceDate "2010.07.22"]

1. e4 c5 2. Nf3 Nc6 3. d4 cxd4 4. Nxd4 Nf6 5. Nc3 e6 6. Ndb5 Bb4 7. Bf4 Nxe4 8.
Qf3 d5 9. Nc7+ Kf8 10. Nxa8 e5 11. Bd2 Nd4 12. Qd1 Nxd2 13. Qxd2 Be6 14. a3 Be7
15. Nb5 Nxb5 16. Bxb5 Qxa8 17. Ba4 d4 18. Bb3 Bxb3 19. cxb3 g5 20. O-O Qd8 21.
Rfe1 Bd6 22. Rac1 Kg7 23. Rc4 h6 24. f3 Re8 25. g4 h5 26. Re4 Qf6 27. Kg2 Rh8
28. h4 gxh4 29. Qe2 Rh6 30. Kh3 Rg6 31. Rc1 Qg5 32. f4 hxg4+ 33. Kg2 exf4 34.
Kh1 f3 35. Qd1 d3 36. Rcc4 g3 0-1

[Event "36. Vila de Sitges"]
[Site "Sitges ESP"]
[Date "2010.07.30"]
[Round "9.8"]
[White "Perez Mitjans, Orelvis"]
[Black "Bukal, Vladimir Jr"]
[Result "0-1"]
[WhiteElo "2424"]
[BlackElo "2381"]
[PlyCount "103"]
[EventDate "2010.07.22"]
[EventType "swiss"]
[EventRounds "9"]
[EventCountry "ESP"]
[Source "lmi"]
[SourceDate "2010.07.22"]

1. e4 g6 2. Nc3 d6 3. g3 Bg7 4. Bg2 Nf6 5. d4 O-O 6. f4 c5 7. Nge2 cxd4 8. Nxd4
Qb6 9. Nb3 a5 10. Qd3 Ng4 11. Qe2 a4 12. Nd5 Qd8 13. Nd2 a3 14. c3 e6 15. Nb4
axb2 16. Bxb2 f5 17. Nc4 Na6 18. O-O Qc7 19. h3 Qc5+ 20. Kh1 Nf6 21. Ba3 Qb5
22. Nxa6 Qxa6 23. Bxd6 Nh5 24. Kh2 Rd8 25. e5 Bd7 26. Rfd1 Bb5 27. Rd4 Rac8 28.
Bf1 Bf8 29. a4 Bxd6 30. axb5 Qxa1 31. exd6 Ng7 32. Qf3 Ra8 33. Bg2 Qb1 34. b6
Ra1 35. h4 Qg1+ 36. Kh3 Rc1 37. Ne5 Nh5 38. Qxb7 Rxc3 39. Rd3 Rxd3 40. Nxd3 Qe3
41. Qf3 Qxb6 42. Ne5 Qxd6 43. Qb7 Rf8 44. Bf3 Nf6 45. h5 gxh5 46. Kh4 Ng4 47.
Bxg4 hxg4 48. Nc6 Rf7 49. Qc8+ Kg7 50. Ne5 Qe7+ 51. Kh5 Rf6 52. Kh4 0-1

[Event "36. Vila de Sitges"]
[Site "Sitges ESP"]
[Date "2010.07.30"]
[Round "9.9"]
[White "Lorenzo De La Riva, Lazaro"]
[Black "Capellades Subirana, Marc"]
[Result "0-1"]
[WhiteElo "2407"]
[BlackElo "2268"]
[PlyCount "83"]
[EventDate "2010.07.22"]
[EventType "swiss"]
[EventRounds "9"]
[EventCountry "ESP"]
[Source "lmi"]
[SourceDate "2010.07.22"]

1. g3 e5 2. Bg2 Bc5 3. d3 Ne7 4. Nf3 Nbc6 5. O-O O-O 6. c3 d5 7. b4 Bd6 8. a3
Ng6 9. Nbd2 Nce7 10. c4 c6 11. Bb2 f6 12. Rc1 Be6 13. e4 d4 14. c5 Bc7 15. h4
Qd7 16. h5 Nh8 17. Nh4 Nf7 18. Rc2 Bg4 19. Bf3 Bh3 20. Re1 Ng5 21. Bc1 Nxf3+
22. Qxf3 Bg4 23. Qg2 Bxh5 24. f3 g5 25. g4 gxh4 26. gxh5+ Kh8 27. Kh2 Rg8 28.
Qh3 Qxh3+ 29. Kxh3 Rg3+ 30. Kxh4 Rag8 31. Nc4 Rxf3 32. Nd6 Bxd6 33. cxd6 Nc8
34. d7 Nb6 35. b5 Nxd7 36. bxc6 bxc6 37. Rxc6 Nf8 38. Bh6 Rfg3 39. Bg7+ R8xg7
40. h6 R7g4+ 41. Kh5 Rg5+ 42. Kh4 0-1

[Event "36. Vila de Sitges"]
[Site "Sitges ESP"]
[Date "2010.07.30"]
[Round "9.10"]
[White "Montell Lorenzo, Joan Carlos"]
[Black "Lettieri, Giuseppe"]
[Result "0-1"]
[WhiteElo "2270"]
[BlackElo "2374"]
[PlyCount "94"]
[EventDate "2010.07.22"]
[EventType "swiss"]
[EventRounds "9"]
[EventCountry "ESP"]
[Source "lmi"]
[SourceDate "2010.07.22"]

1. d4 Nf6 2. e3 g6 3. Bd3 Bg7 4. f4 d6 5. Nf3 O-O 6. O-O Nc6 7. c3 e5 8. e4
exd4 9. Nxd4 Nxd4 10. cxd4 Ng4 11. Be2 f5 12. e5 c5 13. h3 Nh6 14. dxc5 dxe5
15. fxe5 Nf7 16. Qb3 Qe7 17. Bc4 Kh8 18. e6 Ne5 19. Bd5 Re8 20. Nc3 Qxc5+ 21.
Kh1 Nc6 22. Na4 Qa5 23. Be3 Nb4 24. Rfd1 Nxd5 25. Rxd5 Bxe6 26. Rxa5 Bxb3 27.
Bxa7 Bxa4 28. Rxa4 b5 29. Ra5 Bxb2 30. Rd1 Bc3 31. Ra6 Kg8 32. Rc6 Re1+ 33.
Rxe1 Bxe1 34. Rc7 Bg3 35. Rd7 Re8 36. Rd1 Re2 37. Bb8 f4 38. a3 g5 39. Ba7 Kf7
40. Kg1 Re1+ 41. Rxe1 Bxe1 42. Kf1 Bc3 43. Ke2 Be5 44. Bc5 Ke6 45. Kd3 Bd6 46.
Kd4 Bxc5+ 47. Kxc5 h5 0-1